000
00264nam a2200097Ia 4500
001
851836
005
20250826174503.0
008
250824s9999 xx 000 0 und d
245
0
_a
TARİHİN GÖNÜL AYNASI ERTUĞRUL GAZİ
_c
MUSTAFA AKGÜN
260
_b
PANAMA YAYINLARI
999
_c
851836
_d
851836